[Event "Sardinia World op-A"]
[Site "Orosei"]
[Date "2025.04.27"]
[Round "1"]
[White "Fataliyeva, Ulviyya Hasil Qizi"]
[Black "Nortier, Julien"]
[Result "1-0"]
[WhiteElo "2387"]
[BlackElo "2083"]
[PlyCount "41"]
[EventDate "2025.04.27"]
[EventType "swiss"]
[EventRounds "9"]
[EventCountry "ITA"]
[SourceTitle "CB19_2025"]
[SourceDate "2025.05.07"]
[SourceVersion "1"]
[SourceVersionDate "2025.05.07"]
[SourceQuality "1"]

1. Nf3 g6 2. c4 Bg7 3. Nc3 e5 4. h4 d6 5. h5 Bg4 6. Qb3 Nd7 7. hxg6 hxg6 8. Rxh8 Bxh8 9. Qxb7 Nc5 10. Qb5+ Bd7 11. Qa5 e4 12. d4 Nb7 13. Qd5 exf3 14. Qxb7 fxe2 15. Qe4+ Kf8 16. Bxe2 Bf5 17. Qf4 Qf6 18. Be3 Ne7 19. Qh2 Bg7 20. g4 Bd7 21. Ne4 1-0

[Event "Sardinia World op-A"]
[Site "Orosei"]
[Date "2025.04.27"]
[Round "2"]
[White "Sureka, Akshat"]
[Black "Fataliyeva, Ulviyya Hasil Qizi"]
[Result "0-1"]
[WhiteElo "2009"]
[BlackElo "2387"]
[PlyCount "94"]
[EventDate "2025.04.27"]
[EventType "swiss"]
[EventRounds "9"]
[EventCountry "ITA"]
[SourceTitle "CB19_2025"]
[SourceDate "2025.05.07"]
[SourceVersion "1"]
[SourceVersionDate "2025.05.07"]
[SourceQuality "1"]

1. d4 Nf6 2. Bf4 d5 3. e3 e6 4. Nf3 c5 5. c3 Be7 6. h3 Bd6 7. Ne5 0-0 8. Nd2 Qc7 9. Bg3 c4 10. a4 Nc6 11. f4 Rb8 12. b3 cxb3 13. Qxb3 Na5 14. Qc2 Ne4 15. Nxe4 dxe4 16. Be2 f6 17. Ng4 Bd7 18. 0-0 Rfc8 19. Rfc1 Nc4 20. Bh4 f5 21. Bxc4 Qxc4 22. Ne5 Bxe5 23. fxe5 Rc6 24. a5 Rbc8 25. Rab1 R6c7 26. Bf2 Qa6 27. Qb3 Qxa5 28. c4 Qa4 29. Qxa4 Bxa4 30. Rb4 Be8 31. Ra1 b6 32. Be1 h6 33. c5 bxc5 34. dxc5 Rxc5 35. Rxa7 Bc6 36. Kh2 Rc1 37. Bd2 Rc2 38. Rd4 Bd5 39. Ra3 Rb2 40. Rc3 Rxc3 41. Bxc3 Re2 42. Bd2 f4 43. Kg1 fxe3 44. Bb4 Rb2 45. g3 e2 46. Be1 e3 47. Rb4 Rd2 0-1

[Event "EU-ch (Women) 25th"]
[Site "Rhodes"]
[Date "2025.04.07"]
[Round "7"]
[White "Fataliyeva, Ulviyya Hasil Qizi"]
[Black "Pavlidou, Ekaterini"]
[Result "1/2-1/2"]
[WhiteElo "2387"]
[BlackElo "2175"]
[PlyCount "87"]
[EventDate "2025.03.31"]
[EventType "swiss"]
[EventRounds "11"]
[EventCountry "GRE"]
[SourceTitle "CB16_2025"]
[SourceDate "2025.04.16"]
[SourceVersion "1"]
[SourceVersionDate "2025.04.16"]
[SourceQuality "1"]

1. Nf3 c5 2. c4 Nc6 3. Nc3 g6 4. e3 Bg7 5. d4 d6 6. Be2 Bg4 7. 0-0 Nh6 8. Qb3 Qc8 9. dxc5 dxc5 10. h3 Bd7 11. e4 f6 12. e5 fxe5 13. Ne4 Nf5 14. Be3 b6 15. Qd1 0-0 16. Bd3 h6 17. Nc3 e6 18. Nd2 Ncd4 19. Rb1 Bc6 20. Be4 Bxe4 21. Ncxe4 Qc6 22. Qg4 Kh7 23. h4 Rad8 24. Kh2 Nc2 25. h5 Qe8 26. hxg6+ Qxg6 27. Qe2 Ncd4 28. Qd1 Nh4 29. Ng3 Nc2 30. Qe2 Qd3 31. Nde4 Qxe2 32. Nxe2 Nf5 33. Bc1 Rd7 34. b3 Rfd8 35. N2c3 Nb4 36. a3 Nc6 37. g4 Nfe7 38. Kg3 Rd3+ 39. Be3 Kg6 40. Rh1 Nf5+ 41. gxf5+ exf5 42. Kh2 fxe4 43. Nxe4 Ne7 44. Rhg1+ 1/2-1/2

[Event "Baku Pashayeva Memorial Blitz"]
[Site "Baku"]
[Date "2025.03.05"]
[Round "14"]
[White "Balajayeva, Khanim Asad Qizi"]
[Black "Fataliyeva, Ulviyya Hasil Qizi"]
[Result "1-0"]
[WhiteElo "2358"]
[BlackElo "2387"]
[PlyCount "51"]
[EventDate "2025.03.05"]
[EventType "tourn (blitz)"]
[EventRounds "18"]
[EventCountry "AZE"]
[EventCategory "3"]
[SourceTitle "CB11_2025"]
[SourceDate "2025.03.12"]
[SourceVersion "1"]
[SourceVersionDate "2025.03.12"]
[SourceQuality "1"]

1. e4 c6 2. d4 g6 3. Nc3 Bg7 4. Nf3 d6 5. Be2 Nd7 6. 0-0 e5 7. a4 Ngf6 8. dxe5 Nxe5 9. Nxe5 dxe5 10. Qxd8+ Kxd8 11. Be3 Be6 12. f3 Kc7 13. a5 Ne8 14. Na4 Nd6 15. b3 f5 16. Nc5 Bf7 17. Rfd1 h6 18. Bf2 Rhd8 19. Bg3 b6 20. Nd3 Re8 21. axb6+ Kxb6 22. Nxe5 Nxe4 23. Nd7+ Kb7 24. fxe4 Bxa1 25. Rxa1 Rxe4 26. Ba6# 1-0

[Event "Baku Pashayeva Memorial Blitz"]
[Site "Baku"]
[Date "2025.03.05"]
[Round "17"]
[White "Fataliyeva, Ulviyya Hasil Qizi"]
[Black "Serikbay, Assel"]
[Result "0-1"]
[WhiteElo "2387"]
[BlackElo "2235"]
[PlyCount "80"]
[EventDate "2025.03.05"]
[EventType "tourn (blitz)"]
[EventRounds "18"]
[EventCountry "AZE"]
[EventCategory "3"]
[SourceTitle "CB11_2025"]
[SourceDate "2025.03.12"]
[SourceVersion "1"]
[SourceVersionDate "2025.03.12"]
[SourceQuality "1"]

1. e4 c5 2. Nf3 d6 3. Bb5+ Nd7 4. 0-0 Ngf6 5. Re1 a6 6. Bf1 e6 7. a4 Be7 8. c3 0-0 9. d4 cxd4 10. cxd4 b6 11. Nc3 Bb7 12. Bd3 e5 13. d5 Rc8 14. Bd2 Nc5 15. Bf1 a5 16. Bb5 Ba6 17. Qe2 Bxb5 18. Qxb5 Qc7 19. Be3 Qb7 20. Bxc5 Rxc5 21. Qd3 Rfc8 22. Nh4 g6 23. Nf3 Nd7 24. Nd2 Kg7 25. g3 Bg5 26. Nb3 Rc4 27. h4 Be7 28. Nb5 Rb4 29. Rec1 Nc5 30. Nxc5 bxc5 31. b3 Qd7 32. Rc4 f5 33. Rac1 f4 34. gxf4 Bxh4 35. fxe5 Qg4+ 36. Kf1 Rf8 37. R1c2 Rxc4 38. bxc4 Rf3 39. Qd1 Rxf2+ 40. Rxf2 Qxd1+ 0-1

[Event "Baku Pashayeva Memorial Blitz"]
[Site "Baku"]
[Date "2025.03.05"]
[Round "18"]
[White "Serikbay, Assel"]
[Black "Fataliyeva, Ulviyya Hasil Qizi"]
[Result "1/2-1/2"]
[WhiteElo "2235"]
[BlackElo "2387"]
[PlyCount "54"]
[EventDate "2025.03.05"]
[EventType "tourn (blitz)"]
[EventRounds "18"]
[EventCountry "AZE"]
[EventCategory "3"]
[SourceTitle "CB11_2025"]
[SourceDate "2025.03.12"]
[SourceVersion "1"]
[SourceVersionDate "2025.03.12"]
[SourceQuality "1"]

1. d4 Nf6 2. c4 e6 3. Nf3 d5 4. Nc3 Be7 5. Bg5 h6 6. Bh4 dxc4 7. e3 c5 8. Bxc4 cxd4 9. exd4 0-0 10. 0-0 Nc6 11. Bg3 Bd7 12. d5 exd5 13. Nxd5 Nxd5 14. Bxd5 Bf6 15. Qb3 Qb6 16. Rad1 Qxb3 17. Bxb3 Bf5 18. Rd2 Rfd8 19. Rfd1 Rxd2 20. Rxd2 Rd8 21. Rxd8+ Nxd8 22. Ne5 Be6 23. Bxe6 Nxe6 24. b3 Nc5 25. f3 Kf8 26. Kf2 Ke7 27. Ke3 g6 1/2-1/2

[Event "Baku Pashayeva Memorial Blitz"]
[Site "Baku"]
[Date "2025.03.05"]
[Round "5"]
[White "Yakubbaeva, Nilufar"]
[Black "Fataliyeva, Ulviyya Hasil Qizi"]
[Result "1-0"]
[WhiteElo "2179"]
[BlackElo "2387"]
[PlyCount "48"]
[EventDate "2025.03.05"]
[EventType "tourn (blitz)"]
[EventRounds "18"]
[EventCountry "AZE"]
[EventCategory "3"]
[SourceTitle "CB11_2025"]
[SourceDate "2025.03.12"]
[SourceVersion "1"]
[SourceVersionDate "2025.03.12"]
[SourceQuality "1"]

1. Nf3 d5 2. d4 Nf6 3. c4 e6 4. Nc3 Be7 5. e3 0-0 6. Bd3 dxc4 7. Bxc4 a6 8. Bd3 c5 9. 0-0 cxd4 10. Nxd4 Nbd7 11. b3 Bb4 12. Bb2 Nc5 13. Be2 Nce4 14. Qc2 Nxc3 15. Bxc3 Bxc3 16. Qxc3 Bd7 17. Rac1 Qe7 18. Qc5 Qxc5 19. Rxc5 Rac8 20. Rfc1 Ne4 21. Rc7 e5 22. Nf3 f6 23. Bc4+ Kh8 24. Rxd7 b5 1-0

[Event "Baku Pashayeva Memorial Rapid"]
[Site "Baku"]
[Date "2025.03.03"]
[Round "6"]
[White "Mamedjarova, Turkan"]
[Black "Fataliyeva, Ulviyya Hasil Qizi"]
[Result "0-1"]
[WhiteElo "2206"]
[BlackElo "2387"]
[PlyCount "104"]
[EventDate "2025.03.02"]
[EventType "tourn (rapid)"]
[EventRounds "9"]
[EventCountry "AZE"]
[EventCategory "3"]
[SourceTitle "CB11_2025"]
[SourceDate "2025.03.12"]
[SourceVersion "1"]
[SourceVersionDate "2025.03.12"]
[SourceQuality "1"]

1. e4 e5 2. Nf3 Nc6 3. Bc4 Nf6 4. d3 Bc5 5. c3 d6 6. b4 Bb6 7. a4 a5 8. b5 Ne7 9. h3 Ng6 10. 0-0 0-0 11. Re1 c6 12. Ba2 d5 13. exd5 Nxd5 14. d4 exd4 15. cxd4 Bf5 16. Bg5 Qd6 17. Bxd5 Qxd5 18. Nc3 Qc4 19. Rc1 Rfe8 20. Qd2 h6 21. Be3 Rad8 22. Qb2 Qb4 23. Qa1 Bc7 24. d5 cxb5 25. Nxb5 Bf4 26. Nfd4 Bd3 27. Rcd1 Bxe3 28. fxe3 Be4 29. Nc3 Nh4 30. Nxe4 Rxe4 31. Qa2 Qc5 32. d6 Rxd6 33. Rc1 Qg5 34. Rc8+ Kh7 35. Qc2 Qg6 36. Re2 Rd5 37. Kh1 Rg5 38. g4 Rge5 39. Rc3 h5 40. gxh5 Rxh5 41. Rf2 Rg5 42. Nf3 Rg3 43. Qe2 Rxh3+ 44. Rh2 Rxh2+ 45. Qxh2 Qh5 46. Ng1 Qd5 47. Nf3 Rg4 48. e4 Qxe4 49. Qh3 Qb1+ 50. Kh2 Qb2+ 51. Kh1 Qb1+ 52. Kh2 Rg2+ 0-1

[Event "Baku Pashayeva Memorial Rapid"]
[Site "Baku"]
[Date "2025.03.02"]
[Round "3"]
[White "Yakubbaeva, Nilufar"]
[Black "Fataliyeva, Ulviyya Hasil Qizi"]
[Result "0-1"]
[WhiteElo "2179"]
[BlackElo "2387"]
[PlyCount "112"]
[EventDate "2025.03.02"]
[EventType "tourn (rapid)"]
[EventRounds "9"]
[EventCountry "AZE"]
[EventCategory "3"]
[SourceTitle "CB11_2025"]
[SourceDate "2025.03.12"]
[SourceVersion "1"]
[SourceVersionDate "2025.03.12"]
[SourceQuality "1"]

1. d4 Nf6 2. Nf3 d5 3. c4 e6 4. Nc3 Be7 5. e3 0-0 6. Be2 dxc4 7. Bxc4 a6 8. Bd3 c5 9. dxc5 Bxc5 10. 0-0 Nc6 11. b3 e5 12. Bb2 Qe7 13. Ne4 Nxe4 14. Bxe4 Bd6 15. Rc1 Bg4 16. h3 Bd7 17. Qe2 Kh8 18. Rfd1 f5 19. Bb1 e4 20. Nd2 Ne5 21. Nc4 Bb5 22. Qd2 Bb4 23. Qd4 Nc6 24. Qd7 Rad8 25. Qxe7 Bxe7 26. Ne5 Nxe5 27. Bxe5 Ba3 28. Rxd8 Rxd8 29. Rc7 Rd1+ 30. Kh2 Kg8 31. Bc2 Rc1 32. b4 Kf8 33. Bxg7+ Ke8 34. Be5 Kd8 35. Rc5 Bxb4 36. Rd5+ Ke7 37. Bb3 Bc6 38. Rd4 Bc3 39. Bd6+ Kd7 40. Ba3+ Bxd4 41. Bxc1 Be5+ 42. Kg1 a5 43. Kf1 a4 44. Bg8 h6 45. g4 fxg4 46. hxg4 b5 47. Ke1 b4 48. Bd2 Bd6 49. Kd1 Ke7 50. Kc2 Kf6 51. Bc4 Bd7 52. Bd5 Ke5 53. Bb7 Bxg4 54. Bc6 a3 55. Ba4 h5 56. Kb3 Be6+ 0-1

[Event "Wch Blitz (Women)"]
[Site "New York"]
[Date "2024.12.30"]
[Round "9"]
[White "Fataliyeva, Ulviyya Hasil Qizi"]
[Black "Nurmanova, Alua"]
[Result "1-0"]
[WhiteElo "2381"]
[BlackElo "2330"]
[PlyCount "73"]
[EventDate "2024.12.30"]
[EventType "swiss (blitz)"]
[EventRounds "11"]
[EventCountry "USA"]
[SourceTitle "CB01_2025"]
[SourceDate "2025.01.01"]
[SourceVersion "1"]
[SourceVersionDate "2025.01.01"]
[SourceQuality "1"]

1. d4 Nf6 2. Nf3 g6 3. g3 Bg7 4. Bg2 d6 5. 0-0 0-0 6. Re1 Nbd7 7. e4 e5 8. Nc3 c6 9. a4 Qc7 10. a5 Re8 11. h3 Rb8 12. Be3 b5 13. dxe5 dxe5 14. b4 Bf8 15. Rb1 a6 16. g4 Bb7 17. g5 Nh5 18. Nd2 Nf4 19. Bf1 c5 20. Qf3 cxb4 21. Nd5 Nxd5 22. exd5 Qxa5 23. Bg2 Rbc8 24. Qg4 Qd8 25. Ne4 Bxd5 26. Qxd7 Qxd7 27. Nf6+ Kg7 28. Nxd7 Bxg2 29. Kxg2 Rxc2 30. Nxe5 Bc5 31. Bxc5 Rxc5 32. f4 a5 33. Nd7 Rc2+ 34. Kg3 Rd8 35. Rbd1 b3 36. Nf6 Rxd1 37. Re8 1-0

[Event "EU-Cup (Women) 28th"]
[Site "Vrnjacka Banja"]
[Date "2024.10.25"]
[Round "6.3"]
[White "Srdanovic, Jovana"]
[Black "Fataliyeva, Ulviyya Hasil Qizi"]
[Result "0-1"]
[WhiteElo "2142"]
[BlackElo "2383"]
[PlyCount "52"]
[EventDate "2024.10.20"]
[EventType "team-swiss"]
[EventRounds "7"]
[EventCountry "SRB"]
[SourceTitle "CB44_2024"]
[Source "Chessbase"]
[SourceDate "2024.10.30"]
[SourceVersion "1"]
[SourceVersionDate "2024.10.30"]
[SourceQuality "1"]
[WhiteTeam "Crvena Zvezda (W)"]
[BlackTeam "SuperChess (W)"]
[WhiteTeamCountry "SRB"]
[BlackTeamCountry "ROU"]

1. d4 Nf6 2. c4 e6 3. Nf3 d5 4. g3 Bb4+ 5. Bd2 Be7 6. Bg2 0-0 7. 0-0 c6 8. Qc2 Nbd7 9. Bf4 b6 10. cxd5 cxd5 11. Rc1 Bb7 12. Bc7 Qe8 13. Qa4 Ne4 14. Nc3 f5 15. e3 a6 16. Ne2 g5 17. Qb3 a5 18. Ne5 Ba6 19. Qd1 Rc8 20. f3 Nec5 21. Nxd7 Qxd7 22. Be5 Nd3 23. Rxc8 Rxc8 24. Qd2 Bb4 25. Nc3 Nxb2 26. e4 h6 0-1

[Event "ROM-chT (Women)"]
[Site "Mamaia"]
[Date "2024.10.06"]
[Round "7.2"]
[White "Nikanova, Ekaterina"]
[Black "Fataliyeva, Ulviyya Hasil Qizi"]
[Result "0-1"]
[WhiteElo "2083"]
[BlackElo "2378"]
[PlyCount "104"]
[EventDate "2024.09.30"]
[EventType "team-tourn"]
[EventRounds "7"]
[EventCountry "ROU"]
[SourceTitle "EXT 2025"]
[Source "ChessBase"]
[SourceDate "2024.10.14"]
[SourceVersion "1"]
[SourceVersionDate "2024.10.14"]
[SourceQuality "1"]
[WhiteTeam "Arnia ChessIT (W)"]
[BlackTeam "Iasi 2020 (W)"]
[WhiteTeamCountry "ROU"]
[BlackTeamCountry "ROU"]

1. e4 e5 2. Nf3 Nc6 3. Bb5 a6 4. Ba4 Nf6 5. 0-0 Be7 6. Re1 b5 7. Bb3 0-0 8. c3 d6 9. h3 Na5 10. Bc2 c5 11. d4 Nc6 12. d5 Nb8 13. b3 a5 14. a4 b4 15. c4 Ne8 16. Nbd2 g6 17. Nf1 Ng7 18. Bh6 Nd7 19. g4 Nf6 20. Ng3 Kh8 21. Qd2 Ng8 22. Bxg7+ Kxg7 23. Kg2 Ra7 24. Rh1 h6 25. Rag1 Nf6 26. g5 hxg5 27. Nxg5 Rh8 28. Kf1 Nh5 29. Nf5+ Bxf5 30. exf5 Bxg5 31. Rxg5 Nf4 32. Rg3 g5 33. Be4 Kf8 34. Qe3 f6 35. Bf3 Rh4 36. Bg4 Rah7 37. Qf3 Qe7 38. Qe4 R7h6 39. Ke1 Qh7 40. Qf3 Rxg4 41. Qxg4 Rh4 42. Qf3 Qxf5 43. Kd2 e4 44. Qe3 Qe5 45. Rc1 Nd3 46. Rc2 Qf5 47. Kd1 Rf4 48. Rd2 Nxf2+ 49. Kc2 Nd3 50. Rxd3 exd3+ 51. Qxd3 Rf2+ 52. Kb1 Qe5 0-1

[Event "Olympiad Women-45"]
[Site "Budapest"]
[Date "2024.09.16"]
[Round "6.6"]
[White "Fataliyeva, Ulviyya Hasil Qizi"]
[Black "Vo, Thi Kim Phung"]
[Result "1-0"]
[WhiteElo "2378"]
[BlackElo "2320"]
[PlyCount "63"]
[EventDate "2024.09.11"]
[EventType "team-swiss"]
[EventRounds "11"]
[EventCountry "HUN"]
[SourceTitle "EXT 2025"]
[Source "ChessBase"]
[SourceDate "2024.10.14"]
[SourceVersion "1"]
[SourceVersionDate "2024.10.14"]
[SourceQuality "1"]
[WhiteTeam "Azerbaijan (W)"]
[BlackTeam "Vietnam (W)"]
[WhiteTeamCountry "AZE"]
[BlackTeamCountry "VIE"]

1. d4 d5 2. c4 e6 3. Nf3 Nf6 4. g3 Be7 5. Bg2 0-0 6. 0-0 c6 7. Qc2 Nbd7 8. Rd1 b6 9. Nc3 Ba6 10. e4 dxc4 11. d5 exd5 12. exd5 Nc5 13. dxc6 Nd3 14. Ne1 Nxe1 15. Rxe1 b5 16. Bg5 Qd6 17. Bf4 Qc5 18. Re5 Rae8 19. Rxc5 Bxc5 20. Ne4 Nxe4 21. Bxe4 h6 22. Rd1 Re6 23. Bd5 Rf6 24. Be5 Rxf2 25. Qxf2 Bxf2+ 26. Kxf2 Re8 27. Bc3 Bc8 28. c7 Kh7 29. Bc6 Re7 30. Rd8 Rxc7 31. Be4+ f5 32. Rxc8 1-0